[Event "BCF-ch Seniors 50"]
[Site "Hull"]
[Date "2018.08.04"]
[Round "7"]
[White "Matthews, Chris J"]
[Black "Allison, Paul A"]
[Result "1-0"]
[WhiteElo "1772"]
[BlackElo "1615"]
[PlyCount "69"]
[EventDate "2018.07.29"]
[EventType "swiss"]
[EventRounds "7"]
[EventCountry "ENG"]
[SourceTitle "CBM 185 Extra"]
[Source "ChessBase"]
[SourceDate "2018.07.29"]
[SourceVersion "1"]
[SourceVersionDate "2018.07.29"]
[SourceQuality "1"]

1. d4 f5 2. Bf4 e6 3. Nf3 Nf6 4. e3 d6 5. c3 Nc6 6. Bb5 Bd7 7. Qb3 Qe7 8. Nbd2 g6 9. Qa3 Bg7 10. h4 h6 11. Nc4 Ne4 12. Nfd2 Nxd2 13. Kxd2 Kf7 14. Ba4 Rhb8 15. Nxd6+ Kg8 16. Nb5 Qxa3 17. bxa3 e5 18. Bb3+ Kh7 19. dxe5 Bxe5 20. Bxe5 Nxe5 21. Nxc7 Rd8 22. Nxa8 Bc6+ 23. Ke2 Rxa8 24. f3 Bb5+ 25. c4 Nxc4 26. Bxc4 Bxc4+ 27. Kf2 Rd8 28. Rhd1 Rxd1 29. Rxd1 b5 30. Rd7+ Kg8 31. Rxa7 Bxa2 32. g4 fxg4 33. fxg4 Be6 34. Kg3 Bc4 35. Kf4 1-0